000 00245nam a2200097Ia 4500
001 759934
005 20250826165139.0
008 250824s9999 xx 000 0 und d
245 0 _aGÜLÜMSE ANILARA
_cCAMILLE NOE PAGAN
260 _bARKADYA YAYINLARI
999 _c759934
_d759934